| 000 | 00898nam0a22002531 4500 | ||
|---|---|---|---|
| 001 | rc\2674496 | ||
| 005 | 20230511132610.0 | ||
| 035 | _a(NLR Aleph) 006803011 | ||
| 090 |
_a6263570 _c6263570 |
||
| 100 | _a20110915d1932 |||y0rusy50 ca | ||
| 101 | 0 | _arus | |
| 102 | _aRU | ||
| 105 | _ay z ||||| | ||
| 200 | 1 |
_aРоль микробов в природе и в сельском хозяйстве _fИнж. К. А. Костромин |
|
| 210 |
_a[Оханск] _cтип. Пермск. кустового объединения Уралгазеттреста _d1932 |
||
| 215 |
_a4 с. _d20х14 см. |
||
| 225 | 1 |
_aНаучно-популярная серия _fКамск. биологич. станция _v№ 2 |
|
| 700 | 1 |
_aКостромин _bН. Е. |
|
| 801 | 0 |
_aRU _bNLR _gpsbo |
|
| 801 | 1 |
_aRU _bELAR _2rusmarc |
|
| 852 |
_aNLR _j33-10/2972 |
||
| 942 | _cBOOK | ||
| 980 | _aNB | ||